V prvej línii

Bibliographic Details
Main Authors: Čobejová, Eva, 1965- (Author), Majchrák, Jozef, 1975- (Author)
Format: Article
Language:Slovak
PhysicalDescription:Fotogr.
Subjects:
Online Access:http://www.tyzden.sk/casopis/2012/28/v-prvej-linii.html

MARC

LEADER 00000nab a2200000 a 4500
001 vtls010437111
003 SK-MaSNL
005 20260305041053.0
008 140515c2012 xo wrzp 0 0slo
038 |a RVGKPD 
040 |a RVGKPD  |b slo  |c RVGKPD  |e AACR2 
041 0 |a slo 
044 |a xo  |c SK 
080 |a 371.1  |2 1997 
080 |a 373.31  |2 1997 
080 |a 323.15-057.87  |x (=214.58)  |2 1997 
100 1 |a Čobejová, Eva,  |d 1965-  |4 aut  |9 135492 
245 1 0 |a V prvej línii  |c Eva Čobejová, Jozef Majchrák 
300 |b Fotogr. 
610 2 7 |a Základná škola (Dobšiná, Slovensko)  |2 rvgkpd  |9 58617 
650 0 7 |a rómski žiaci  |2 rvgkpd  |9 416313 
650 0 7 |a učitelia  |2 rvgkpd  |9 3995 
651 7 |a Gočovo (Slovensko)  |2 rvgkpd  |9 58511 
651 7 |a Rožňava (Slovensko : okres)  |2 rvgkpd  |9 19215 
700 1 |a Majchrák, Jozef,  |d 1975-  |4 aut  |9 110393 
773 0 |t Týždeň  |g Roč. IX, č. 28 (2012), s. 32-39 
852 |a RVGKPD  |b KIS3G 
856 4 1 |u http://www.tyzden.sk/casopis/2012/28/v-prvej-linii.html 
958 |a RQ 
958 |a SK 
992 |a RBX 
999 |c 3341920  |d 3343850